Pays frontalier de l'Arabie saoudite - Mort Subite - Statistiques

Statistiques générales
  • Ce quiz a été pris 220 fois
  • Le résultat moyen est 5 sur 8
Answers on the Grid
Answers color-coded by a green-red scale on the quiz's grid according to % correct below.
Yémen
Syrie
Oman
Iran
Emirats arabes unis
Qatar
Egypte
Koweït
Jordanie
Israël
Irak
Bahreïn
 
Statistiques - réponses
Réponse % Correct
Oman
82%
Yémen
81%
Emirats arabes unis
77%
Qatar
75%
Koweït
67%
Jordanie
60%
Irak
52%
Bahreïn
46%
Aucun quiz correspondant
Distribution des résultats
% des personnes avec chaque résultat
Percentile par nombre de réponses
Votre historique - résultats
Vous n’avez pas pris ce quiz